000 00374nam a22001457a 4500
008 250512b |||||||| |||| 00| 0 eng d
020 _a9781907708619
050 _aTR610
_b.T39
100 _aTaylor Dvid
245 _aNight and Low Light Photography
260 _aUnited Kingdon
_bAmmonite Press
_c2012
300 _a192P.
_bill.
650 _aNight Photograpgy
942 _cBK
999 _c3396
_d3396